Learning difficulties (Record no. 67458)

MARC details
000 -LEADER
fixed length control field 01338cam a2200277 4500
001 - CONTROL NUMBER
control field ABS64091
008 - FIXED-LENGTH DATA ELEMENTS--GENERAL INFORMATION
fixed length control field 000000n2001 000 0 eng u
035 ## - SYSTEM CONTROL NUMBER
System control number (Sirsi) u113257
100 ## - MAIN ENTRY--PERSONAL NAME
Personal name Ryder, B.
245 ## - TITLE STATEMENT
Title Learning difficulties
260 ## - PUBLICATION, DISTRIBUTION, ETC.
Date of publication, distribution, etc. 2001
490 ## - SERIES STATEMENT
Series statement Building
Volume/sequential designation 266(8188) 8 June 2001, 38-41(4)
520 ## - SUMMARY, ETC.
Summary, etc. Discusses the findings of a new report, "Standardisation and skills: a transnational study of skills, education and training for prefabrication in housing", by the University of Westminster, which reveals that the UK construction industry is the least innovative in Europe and that fragmentation, lack of training and poor investment threaten the Egan reforms. The report finds there are fewer skilled workers, that construction is slower and that efficiency is lower in the UK than in either Germany or Denmark. It also warns that increased emphasis on standardisation and prefabrication does not compensate for a poorly trained workforce. Tables, diagrams, graphs.
590 ## - LOCAL NOTE (RLIN)
Local note ABS
650 ## - SUBJECT ADDED ENTRY--TOPICAL TERM
Topical term or geographic name entry element CONSTRUCTION INDUSTRY
650 ## - SUBJECT ADDED ENTRY--TOPICAL TERM
Topical term or geographic name entry element DENMARK
650 ## - SUBJECT ADDED ENTRY--TOPICAL TERM
Topical term or geographic name entry element EFFICIENCY
650 ## - SUBJECT ADDED ENTRY--TOPICAL TERM
Topical term or geographic name entry element EUROPE
650 ## - SUBJECT ADDED ENTRY--TOPICAL TERM
Topical term or geographic name entry element GERMANY
650 ## - SUBJECT ADDED ENTRY--TOPICAL TERM
Topical term or geographic name entry element NETHERLANDS
650 ## - SUBJECT ADDED ENTRY--TOPICAL TERM
Topical term or geographic name entry element SKILLS
650 ## - SUBJECT ADDED ENTRY--TOPICAL TERM
Topical term or geographic name entry element CAREERS, EDUCATION AND TRAINING
650 ## - SUBJECT ADDED ENTRY--TOPICAL TERM
Topical term or geographic name entry element WORKFORCE
690 ## - LOCAL SUBJECT ADDED ENTRY--TOPICAL TERM (OCLC, RLIN)
Topical term or geographic name as entry element BUILDING AND CONSTRUCTION-ECONOMICS
942 ## - ADDED ENTRY ELEMENTS (KOHA)
Suppress in OPAC 0
Holdings
Withdrawn status Lost status Source of classification or shelving scheme Damaged status Not for loan Home library Current library Shelving location Date acquired Total Checkouts Full call number Barcode Date last seen Copy number Price effective from Koha item type
    Dewey Decimal Classification     London London Journal article 25/06/2001   ABS64091 113257-1001 06/08/2019 1 06/08/2019 Journal article